Guess the mystery categories #4 - Statistics

General Stats
  • This quiz has been taken 6,096 times
  • The average score is 25 of 50
Answer Stats
Hint Answer % Correct
3 Teeth specialist Dentist
95%
7 Super..., Bat..., Spider-... Man
95%
1 An elephant's nose Trunk
94%
1 A monarch's headwear Crown
93%
9 Single reproductive female in a bee colony Queen
90%
1 A dog's noise Bark
88%
8 What one seals a wine bottle with Cork
87%
2 Patron saint of Ireland Patrick
85%
7 Christian holiday at the end of Lent Easter
84%
9 Island of fertility in a desert Oasis
80%
3 The upper open level of a ship Deck
79%
1 Category Parts of a tree
79%
7 Extended, lengthy Long
78%
4 Scotland's largest city Glasgow
71%
10 Comes in Flathead or Philips form Screwdriver
71%
10 Densest New York borough Manhattan
70%
10 Nickname of Mary I Bloody Mary
64%
9 Category Musical bands
64%
10 Category Cocktails
63%
6 The home to honey producing insect colonies Beehive
62%
6 Dylan, Barker, Geldoff or sled, for example Bob
61%
8 A funny, sometimes cheeky rhyming poem Limerick
61%
7 Category Islands
59%
4 Inuit & Yupik people Eskimo
56%
1 1976 Alex Hayley novel Roots
52%
6 Cinnamon, Belgian, Burger, etc. Bun
50%
2 Comes in 'phyto' or 'zoo' form Plankton
46%
4 Official language of Togo French
45%
6 Category Hairstyles
43%
7 Slang for coffee Java
43%
2 Category Spongebob characters
42%
2 Deadly Atlantic hurricane of 2012 Sandy
39%
8 Famous Minnesota based clinic Mayo
37%
3 Slang for drugged High
31%
8 Category Irish counties
31%
4 A type of Lepidopteran insect Butterfly
30%
4 Category Types of 'kiss'
30%
8 Ms Katona, or Ingram, for example Kerry
26%
2 Mr Coleman, Becker or Rhodes, for example Gary
23%
9 Something that can't be seen or heard clearly Blur
17%
6 Fish of the family Mugilidae Mullet
15%
5 7th Doctor Who 'McCoy' Sylvester
15%
3 Category Types of chair
13%
9 Doctrine, system of beliefs, faith Creed
11%
10 Word for a plant or animal found all over the world Cosmopolitan
8%
5 A fine filmy substance made of spider cobwebs Gossamer
6%
5 Formally insects of the order Hemiptera Bugs
5%
3 Perseus or Scutum–Centaurus, for example Arm
4%
5 Category Looney Tunes Characters
3%
5 Yellow flower sometimes called Winterbloom Witch-Hazel
2%
No matching quizzes found
Score Distribution
Percent of People with Each Score
Percentile by Number Answered
Your Score History
You have not taken this quiz